00491nam a22001697a 450000500170000000800410001702000150005804000070007304100120008008200230009210000180011524500470013326000640018030000270024465000270027170000230029820221029095638.0221028b ||||| |||| 00| 0 eng d a0931403065 cAL aEnglish 223a620.1127bMOOM aHarry D Moore aMaterials and Processes for NDT Technology aColumbusbAmerican Society for Nondestructive Testingc1981 a204 p.bHBc28x21.5 cm aNondestructive testing aMOORE (Harry D) Ed